Long Acre Securities Ltd v Karet (Record no. 74295)
[ view plain ]
| 000 -LEADER | |
|---|---|
| fixed length control field | 02086cab a2200277 4500 |
| 001 - CONTROL NUMBER | |
| control field | ABS67646 |
| 008 - FIXED-LENGTH DATA ELEMENTS--GENERAL INFORMATION | |
| fixed length control field | 040324n2004 000 0 eng u |
| 035 ## - SYSTEM CONTROL NUMBER | |
| System control number | (Sirsi) u125557 |
| 245 ## - TITLE STATEMENT | |
| Title | Long Acre Securities Ltd v Karet |
| 260 ## - PUBLICATION, DISTRIBUTION, ETC. | |
| Date of publication, distribution, etc. | 2004 |
| 490 ## - SERIES STATEMENT | |
| Series statement | Weekly Law Reports |
| Volume/sequential designation | [2004] 3 WLR 866-885(20) |
| 520 ## - SUMMARY, ETC. | |
| Summary, etc. | [2004] EWHC 442 (Ch), 3 March 2004. Claimant landlord (L), wishing to dispose of its leasehold interest in the underlease of a residential estate, sought to establish the validity of the offer notice that it had served under the Landlord and Tenant Act 1987 ss5 and 5B on the occupiers of the flats within the estate. The word building in the notice purported to include all the flats and the appurtenant areas. Defendant (K) challenged the notice's validity on the ground that each structure was required by the 1987 Act to be the subject of a separate notice. L contended that the notice was valid because the word building could be construed to include a building scheme comprising any and all buildings constructed as part of a development at the same time and the serving of separate notices for each of the four structures was unworkable. "Held": claim allowed. The purpose of the legislation was to give tenants the right to acquire their landlord's reversion and to provide a workable procedure for that purpose. It would be unworkable if appurtenant premises had to be split in order to satisfy s5(3) of the Act. The notice was therefore valid. |
| 590 ## - LOCAL NOTE (RLIN) | |
| Local note | ABS |
| 650 ## - SUBJECT ADDED ENTRY--TOPICAL TERM | |
| Topical term or geographic name entry element | KAY-GREEN V TWINSECTRA LTD |
| 650 ## - SUBJECT ADDED ENTRY--TOPICAL TERM | |
| Topical term or geographic name entry element | LANDLORD AND TENANT ACT 1987 S1(2)(A) |
| 650 ## - SUBJECT ADDED ENTRY--TOPICAL TERM | |
| Topical term or geographic name entry element | LANDLORD AND TENANT ACT 1987 PART I |
| 650 ## - SUBJECT ADDED ENTRY--TOPICAL TERM | |
| Topical term or geographic name entry element | LANDLORD AND TENANT ACT 1987 S5(3) |
| 650 ## - SUBJECT ADDED ENTRY--TOPICAL TERM | |
| Topical term or geographic name entry element | LANDLORD AND TENANT ACT 1987 S5 |
| 650 ## - SUBJECT ADDED ENTRY--TOPICAL TERM | |
| Topical term or geographic name entry element | LANDLORD AND TENANT ACT 1987 S5B |
| 650 ## - SUBJECT ADDED ENTRY--TOPICAL TERM | |
| Topical term or geographic name entry element | LANDLORD AND TENANT ACT 1987 S4(4) |
| 650 ## - SUBJECT ADDED ENTRY--TOPICAL TERM | |
| Topical term or geographic name entry element | 30 UPPERTON GARDENS MANAGEMENT LTD V AKANO |
| 650 ## - SUBJECT ADDED ENTRY--TOPICAL TERM | |
| Topical term or geographic name entry element | DENETOWER LTD V TOOP |
| 650 ## - SUBJECT ADDED ENTRY--TOPICAL TERM | |
| Topical term or geographic name entry element | BELVEDERE COURT MANAGEMENT LTD V FROGMORE DEVELOPMENTS LTD |
| 690 ## - LOCAL SUBJECT ADDED ENTRY--TOPICAL TERM (OCLC, RLIN) | |
| Topical term or geographic name as entry element | LANDLORD AND TENANT-RESIDENTIAL TENANCIES-CASE LAW |
| 942 ## - ADDED ENTRY ELEMENTS (KOHA) | |
| Suppress in OPAC | 0 |
| Withdrawn status | Lost status | Source of classification or shelving scheme | Damaged status | Not for loan | Home library | Current library | Shelving location | Date acquired | Total Checkouts | Full call number | Barcode | Date last seen | Copy number | Price effective from | Koha item type |
|---|---|---|---|---|---|---|---|---|---|---|---|---|---|---|---|
| Dewey Decimal Classification | London | London | Journal article | 24/03/2004 | ABS67646 | 125557-1001 | 06/08/2019 | 1 | 06/08/2019 | Law report |